[Event "BRA-ch 83rd"]
[Site "Rio de Janeiro"]
[Date "2017.02.11"]
[Round "8"]
[White "Nogueira, Ivan Kuhlmann"]
[Black "Reis, Paulo F Jatoba"]
[Result "0-1"]
[WhiteElo "2308"]
[BlackElo "2397"]
[PlyCount "90"]
[EventDate "2017.02.06"]
[EventType "tourn"]
[EventRounds "11"]
[EventCountry "BRA"]
[EventCategory "6"]
[SourceTitle "CBM 176 Extra"]
[Source "ChessBase"]
[SourceDate "2017.03.02"]
[SourceVersion "1"]
[SourceVersionDate "2017.03.02"]
[SourceQuality "1"]

1. e3 g6 2. c4 Bg7 3. Nc3 c5 4. g3 Nc6 5. Bg2 Nf6 6. Nge2 d6 7. 0-0 0-0 8. d4 Bg4 9. h3 Bd7 10. b3 Qc8 11. Kh2 Rb8 12. Bb2 a6 13. dxc5 dxc5 14. Nf4 Rd8 15. Qe2 e6 16. Na4 b6 17. Bc3 Ne7 18. Qb2 Ne8 19. Bxg7 Nxg7 20. Nc3 Bc6 21. Ne4 Ne8 22. Qe5 Rb7 23. h4 Bxe4 24. Bxe4 Rbd7 25. h5 Qc7 26. Qg5 Rd2 27. hxg6 hxg6 28. Kg2 Nd6 29. Bf3 Ndf5 30. Nh5 Nxe3+ 31. Qxe3 gxh5 32. Qg5+ Ng6 33. Bxh5 Qe5 34. Qh6 R8d3 35. Bf3 Qf5 36. Bb7 Rd4 37. Rae1 Rxa2 38. Re3 Ne5 39. Bf3 Rdd2 40. Qh4 Nd3 41. Rxd3 Qxd3 42. g4 Qd4 43. Qg3 Kg7 44. g5 e5 45. Bd5 Rd3 0-1

[Event "BRA-ch 83rd"]
[Site "Rio de Janeiro"]
[Date "2017.02.06"]
[Round "1"]
[White "Nogueira, Ivan Kuhlmann"]
[Black "Fier, Alexandr"]
[Result "0-1"]
[WhiteElo "2308"]
[BlackElo "2581"]
[PlyCount "129"]
[EventDate "2017.02.06"]
[EventType "tourn"]
[EventRounds "11"]
[EventCountry "BRA"]
[EventCategory "6"]
[SourceTitle "CBM 176 Extra"]
[Source "ChessBase"]
[SourceDate "2017.03.02"]
[SourceVersion "1"]
[SourceVersionDate "2017.03.02"]
[SourceQuality "1"]

1. e4 c5 2. Nf3 e6 3. g3 Nc6 4. Bg2 Nf6 5. d3 d5 6. e5 Nd7 7. Bf4 Be7 8. h4 Nf8 9. h5 g5 10. hxg6 Nxg6 11. Bh6 Rg8 12. Rh5 Qb6 13. Bc1 Qb4+ 14. Qd2 Qg4 15. Rxh7 Ngxe5 16. Nxe5 Nxe5 17. Qf4 Qg6 18. Rh1 Nc6 19. Be3 c4 20. Rh6 Qg7 21. d4 Qf8 22. Rh5 Nb4 23. Kd2 f6 24. Bf3 Bd7 25. Nc3 0-0-0 26. Qh6 Qf7 27. a3 Nc6 28. Rah1 Be8 29. Kc1 e5 30. Rd1 Bf8 31. Qh7 Rg7 32. Qh8 e4 33. Be2 f5 34. Qh6 Bd7 35. Qf4 Be6 36. Qh4 Be7 37. Qh2 Bf6 38. Rh6 Qe7 39. Qh5 Rf7 40. Bf1 Rg8 41. Bh3 Bg5 42. Rh8 Rxh8 43. Qxh8+ Kc7 44. Bxg5 Qxg5+ 45. Kb1 Qe7 46. Qh6 a6 47. Qf4+ Qd6 48. Ne2 Rh7 49. Qxd6+ Kxd6 50. Nf4 Bd7 51. c3 Nd8 52. Bg2 Ne6 53. Nxe6 Kxe6 54. Rh1 Rg7 55. Rh4 Kd6 56. Rh6+ Ke7 57. Rh4 Kd6 58. Rh6+ Ke7 59. Rh4 Be6 60. Rf4 Rh7 61. Rh4 Rxh4 62. gxh4 f4 63. Kc1 Kf6 64. Bf1 Bg4 65. Kd2 0-1